000 00290nam a22001217a 4500
041 _aENG
100 _aAmerine.M.A
245 _aWine An Introduction For Americans
260 _aLamdon
_bUniverstiy Of California Press
_c1972
300 _a357
650 _aAPE ( 02 )
856 _uAPE ( 02 )
999 _c2874
_d2874